00801cam a22002411 4500001001300000003000400013005001700017008004100034010001700075035001800092040001800110042001200128050001600140100002800156245007700184260003700261300004500298500006900343650003500412610003900447740005600486999001700542sa 68010160 DLC20260227112550.0720724s1966 xx 000 0 ind  asa 68010160  a(OCoLC)362690 aDLCcOAUdDLC apremarc00aHX402b.M371 aMarsudi, Djamal,d1920-10aMenjingkap tabir fakta-fakta pemberontakan P. K. dalam peristiwa Madiun. aDjakarta,bMerdeka Pressc[1966] a115 p.billus., facsims., ports.c21 cm. aCover title: Menjingkap pembrontakan PKI dalam peristiwa Madiun. 0aCommunismzIndonesiaxHistory.20aPartai Komunis IndonesiaxHistory.0 aMenjingkap pembrontakan PKI Dalam peristiwa Madiun. c83358d83358